Korózna odolnosť Fe-Cr zliatin v taveninách kremičitanov = Corrosion resistance of Fe-Cr alloysin silicate melts

Bibliographic Details
Main Author: Vasylyuk, Petro (Author)
Format: Article
Language:English
Subjects:
ISBN: 80-7099-777-X
Source: 1. Korózia v energetike 2002 1. Košice : Hutnícka fakulta Technickej univerzity, 2002 1. 80-7099-777-X 1. S. 156-160
LEADER 01104naa a2200349 a 4500
001 000050813
003 SVKKK
005 20070604094122.0
008 041213c2002 xo e eng
FMT
038 |a SVKKK 
040 |a SVKKK  |b slo  |e AACR2 
041 0 |a eng  |b slo 
044 |a xo  |c SK 
080 |a 061.3  |2 1997 
080 |a 620.193.4  |2 1997 
080 |a 669.15:620.193.4  |2 1997 
100 1 |a Vasylyuk, Petro  |4 aut 
245 1 0 |a Korózna odolnosť Fe-Cr zliatin v taveninách kremičitanov =  |b Corrosion resistance of Fe-Cr alloysin silicate melts  |c Petro Vasylyuk 
300 |b Obr., tab. 
504 |a Bibliogr. odkazy 
504 |a Res. angl. 
611 2 4 |a Korózia v energetike  |n (17. :  |c Košice, Slovensko  |d 19.-20.3.2002)  |x konferencie 
650 0 4 |a korózia chemická 
650 0 4 |a zliatiny Fe-Cr legované  |x taveniny kremičitanové  |x korózia chemická 
773 0 |t Korózia v energetike 2002  |d Košice : Hutnícka fakulta Technickej univerzity, 2002  |z 80-7099-777-X  |g S. 156-160 
958 |a NB 
974 |a MI 
992 |a RZB 
BAS
852 |a SVKKK  |b BIB 
998 |a HUT